Vybrané instituty insolvenčního zákona v rozhodnutích Nejvyššího soudu : komentovaná soudní rozhodnutí /

Hlavní autor: Hásová, Jiřina, 1954-
Další autoři: Moravec, Tomáš, 1983-, Valenta, Petr
Jazyk: Čeština
Vydáno: V Praze : C.H. Beck, 2019
Vydání: Vydání první
Edice: Judikatura (C.H. Beck)
Témata:
Fyzický popis: xiii, 218 stran ; 20 cm
Knihy
Uloženo v:
LEADER 02030nam a2200541 i 4500
001 nkc20193161942
003 CZ PrNK
005 20200127080852.0
007 ta
008 191127s2019 xr f 001 0 cze
015 |a cnb003161942 
020 |a 978-80-7400-553-4  |q (brožováno) 
035 |a (OCoLC)1140095120 
040 |a ABA001  |b cze  |d OLA001  |e rda 
043 |a e-xr--- 
072 7 |a 347.7  |x Obchodní právo. Finanční právo. Právo průmyslového vlastnictví. Patentové právo. Autorské právo  |2 Konspekt  |9 16 
080 |a 347.736  |2 MRF 
080 |a 347.951  |2 MRF 
080 |a (437.3)  |2 MRF 
080 |a (048.8)  |2 MRF 
080 |a (0.072)  |2 MRF 
100 1 |a Hásová, Jiřina,  |d 1954-  |7 ola2003209094  |4 cwt 
245 1 0 |a Vybrané instituty insolvenčního zákona v rozhodnutích Nejvyššího soudu :  |b komentovaná soudní rozhodnutí /  |c Jiřina Hásová, Tomáš Moravec, Petr Valenta 
250 |a Vydání první 
264 1 |a V Praze :  |b C.H. Beck,  |c 2019 
300 |a xiii, 218 stran ;  |c 20 cm 
336 |a text  |b txt  |2 rdacontent 
337 |a bez média  |b n  |2 rdamedia 
338 |a svazek  |b nc  |2 rdacarrier 
490 1 |a Judikatura 
504 |a Obsahuje bibliografii a rejstřík 
610 1 7 |a Česko.  |b Nejvyšší soud  |7 ko20010092580  |2 czenas 
650 0 7 |a insolvenční řízení  |7 ph370262  |z Česko  |2 czenas 
650 0 7 |a soudní rozhodnutí a stanoviska  |7 ph125859  |z Česko  |2 czenas 
650 0 9 |a insolvency proceedings  |z Czechia  |2 eczenas 
650 0 9 |a judgments  |z Czechia  |2 eczenas 
655 7 |a přehledy  |7 fd133202  |2 czenas 
655 7 |a komentáře  |7 fd132578  |2 czenas 
655 9 |a surveys  |2 eczenas 
655 9 |a commentaries  |2 eczenas 
700 1 |a Moravec, Tomáš,  |d 1983-  |7 jo2013742163  |4 cwt 
700 1 |a Valenta, Petr  |7 ola20201061543  |4 cwt 
830 0 |a Judikatura (C.H. Beck)  |0 s 
910 2 |a BOA001  |b 1-1439.579 
990 |a BK 
995 |a 01 
991 |b 202001  |c NOV 
996 6 |b 2610811428  |c 1-1439.579  |l MZK  |r Sklad / do 1 hodiny  |n 4  |p p.v.  |w 001775891  |u 000010  |a 1  |e BOA001  |j MZK50  |s P